Análisis, visión y respuesta institucional respecto de los niños de la calle y en la calle.

Detalles Bibliográficos
Autor principal: Bustos, Juan
Otros Autores: Cárdenas, Bernardita, Musalem, Andrés
Formato: Libro
Lenguaje:inglés
Publicado: Santiago, Chile SENAME 2001

MARC

LEADER 00000cam a2200000 a 4500
001 031364
003 UAHC_CL
005 20170803123338.0
008 020116b xx j 000 1 eng
040 |a UAHC_CL  |c UAHC_CL  |d UAHC_CL 
100 1 |a Bustos, Juan 
245 1 0 |a Análisis, visión y respuesta institucional respecto de los niños de la calle y en la calle. 
260 |b SENAME  |c 2001  |a Santiago, Chile 
700 1 |a Cárdenas, Bernardita 
700 1 |a Musalem, Andrés 
900 |a EL OBSERVADOR-19 
942 |c BK 
999 |c 31364  |d 31364